00854nam a22002177a 450000500170000000800410001702000180005804100080007604400070008408200180009110000300010924501580013925000280029726000570032530000220038250000960040465000380050065000310053865000370056970000300060620130916115808.0130916s2012 ck gr f00010 spa d a9789589739303 aspa ack04a370.19bT69p 1 aTorres-Carrasco, Maritza.10aPolítica Nacional de Educación Ambiental SINA baprobada por el Consejo Nacional Ambiental, julio 16 de 2002 / ceditada por Maritza Torres Carrasco. aEdición Especial 2012 aBogotábMinisterio de Educación Nacional, c2012 a111 p. ; c28 cm. aEdición Especial 10 años de la Política Nacional de Educación Ambiental (2002-2012) 6aEducación ambientalz Colombia. 6aMedio ambientez Colombia. 6aPolítica ambientalz Colombia. aTorres-Carrasco, Maritza.